| 000 | 00735nam a2200241 a 4500 | ||
|---|---|---|---|
| 001 | 54474 | ||
| 003 | BD-RjUL | ||
| 005 | 20211209080127.0 | ||
| 008 | 161107r19601955enk 001 0 eng | ||
| 035 | _a(BD-RjUL)54596 | ||
| 040 |
_aDLC _cFXG _dBD-RjUL _beng |
||
| 041 | _aeng | ||
| 082 | 0 | 4 |
_a530.15 _223 _bLAA 1960 |
| 100 | 1 |
_aLambe, C. G. _q(Cyril Gerard) _9154803 |
|
| 245 | 1 | 0 |
_aAdvanced level applied mathematics / _cC. G. Lambe |
| 260 |
_aLondon : _bEnglish Universities Press, _c1953 [ Reprinted 1960] . |
||
| 300 |
_axiii, 419 p. : _bill. ; _c23 cm. |
||
| 490 | 1 | _aPhysical science texts | |
| 500 | _aIncludes Index | ||
| 650 | 0 |
_aMathematical physics. _9122138 |
|
| 830 | 0 |
_aPhysical science texts _9198707 |
|
| 942 |
_2ddc _cBK |
||
| 999 |
_c54474 _d54474 |
||